India's Maulana/ (Record no. 202966)
[ view plain ]
| 000 -LEADER | |
|---|---|
| fixed length control field | 00570nam a22001937a 4500 |
| 005 - DATE AND TIME OF LATEST TRANSACTION | |
| control field | 20240517151051.0 |
| 010 ## - LCCN (DPL NO) | |
| LC control number | ENG-140370 |
| 020 ## - INTERNATIONAL STANDARD BOOK NUMBER | |
| International Standard Book Number | 8185434088 |
| 035 ## - SYSTEM CONTROL NUMBER | |
| System control number | EN-123902 |
| 037 ## - SOURCE OF ACQUISITION | |
| Source of stock number/acquisition | DBAD |
| 082 ## - DEWEY DECIMAL CLASSIFICATION NUMBER | |
| Classification number | 888.85 |
| 100 ## - MAIN ENTRY--PERSONAL NAME | |
| Personal name | Azad,Abul Kalam |
| 245 ## - TITLE STATEMENT | |
| Title | India's Maulana/ |
| Statement of responsibility, etc | By Abul Kalam Azad |
| 260 ## - PUBLICATION, DISTRIBUTION, ETC. (IMPRINT) | |
| Place of publication, distribution, etc | New Delhi |
| Name of publisher, distributor, etc | Indian Council For Cultural Relations |
| Date of publication, distribution, etc | 2010 |
| 270 ## - ADDRESS | |
| Address | Azad Bhavan,Indraprastha Estate |
| City | New Delhi-110002 |
| 300 ## - PHYSICAL DESCRIPTION | |
| Extent | 274p. |
| Dimensions | 23cm(hb) |
| 700 ## - ADDED ENTRY--PERSONAL NAME | |
| Personal name | Azad, Abul Kalam |
| 9 (RLIN) | 65564 |
| 942 ## - ADDED ENTRY ELEMENTS (KOHA) | |
| Source of classification or shelving scheme | Dewey Decimal Classification |
| Item type | English Books |
| Classification part | 888.85 |
| Call number suffix | AZA |
No items available.
